Four Year Maryland Colleges Quiz Stats

 Plays Quiz not verified by Sporcle

Support Sporcle.
Go Orange.
Score 0/25 Timer 15:00
0 Plays Today
Hint College % Correct
The tiny branchUMBC
79.7%
After the hipstersTowson
77.9%
Where the Dr's areJohns Hopkins
71.8%
ChillyFrostburg
67.5%
The big'un branceCollege Park
65%
SIR YES SIR!Naval Academy
64.2%
A berrySalisbury
62.7%
Hello Mr.FreemanMorgan
56.6%
B-More's finestBaltimore
55.3%
The town of prepsLoyola
52.3%
Copper?Coppin
47.2%
Over on the water branchEastern Shore
46.2%
Like our captialWashington
40.6%
Hint College % Correct
On the mountainMount St.Mary's
39.3%
Under new name! :]Stevenson
39.1%
Come up to the hillMcDaniel
37.6%
Named after a countyBowie
34%
The G SchoolGoucher
33.8%
All girlsNotre Dame
32.5%
After a discipleSt.John's
26.6%
Ave!St.Mary's College
23.9%
artsyMICA
22.3%
Menacing title branchUniversity College
11.4%
B-More's branchMaryland - Baltimore
5.8%
Famous BlacksSojourner-Douglas
4.8%

You're not logged in!

Compare scores with friends on all Sporcle quizzes.
OR
Log In

From the Vault

MLB National League MVPs (2000s)

by Propellerhead

How many MVPs does it take before we need a title for the MVPs of the MVPs?
Remove Ads.
Support Sporcle.
Get the best of Sporcle when you Go Orange. This ad-free experience offers more features, more stats, and more fun while also helping to support Sporcle. Thank you for becoming a member.

Show Comments

Extras

Created Mar 6, 2011ReportNominate
Tags:College Quiz, four, Maryland

Top Quizzes Today


Score Distribution

Your Account Isn't Verified!

In order to create a playlist on Sporcle, you need to verify the email address you used during registration. Go to your Sporcle Settings to finish the process.

Report this User

Report this user for behavior that violates our Community Guidelines.

Details: